Ako sa Jánošík prinavrátil

Bibliographic Details
Main Author: Jurík, František (Author)
Format: Article
Language:Slovak
Subjects:

MARC

LEADER 00000nab a2200000 a 4500
001 vtls000149984
003 SK-MaSNL
005 20260303072956.0
008 111104c1983 xo 0 slo
015 |a SNBRB19rr/mm-uuuuu 
035 |a CL0160091 
040 |a SNKBUCL  |b slo  |c SNKBUCL  |e AACR2 
041 0 |a slo 
044 |a xo  |c SK 
080 |a 885.4-2  |2 1981 
100 1 |a Jurík, František  |4 aut  |9 924144 
245 1 0 |a Ako sa Jánošík prinavrátil  |c František Jurík 
500 |a V rubrike Noví autori na pokusnej vlne. 
650 0 7 |a scénky humoristické  |2 snkbucl  |9 924962 
655 7 |a články z novín a časopisov  |2 snkbucl  |9 267496 
655 7 |a články z odboru literárna veda a krásna literatúra  |2 snkbucl  |9 770045 
773 0 |t Roháč  |g Roč. 36, č. 19 (1983), s. 15 
850 |a Slovenská národná knižnica v Martine  |a MTA001 
852 |a SNK  |b KIS3GCP 
958 |a RK 
958 |a LX 
992 |a RBX 
999 |c 1765639  |d 1767569